Dějiny světa globální dějiny od počátků do 21. století

Guardado en:
Detalles Bibliográficos
Otros Autores: Demel, Walter
Formato: Libro
Lenguaje:checo
Publicado: Praha Vyšehrad 2013
Materias:
Etiquetas: Agregar Etiqueta
Sin Etiquetas, Sea el primero en etiquetar este registro!

MARC

LEADER 00000nam a2200000 4500
001 0224498
005 20230109114450.6
020 |a 978-80-7429-385-6 
041 0 |a cze 
044 |a CZ 
245 1 0 |a Dějiny světa  |b globální dějiny od počátků do 21. století 
264 1 |a Praha  |b Vyšehrad  |c 2013 
300 |a 478 s. 
610 2 0 |a dejiny 
610 2 0 |a svet 
610 2 0 |a spoločnosť 
610 2 0 |a kultúra 
610 2 0 |a náboženstvo 
610 2 0 |a objavy 
610 2 0 |a politika 
610 2 0 |a vzdelanie 
610 2 0 |a veda 
700 1 |a Demel, Walter